[Event "13th Poti Nana Aleksandria Cup"]
[Site "Poti"]
[Date "2018.07.20"]
[Round "9"]
[White "Vakhania, Aleksandra"]
[Black "Mnatsakanian, Arsen"]
[Result "1/2-1/2"]
[WhiteElo "2182"]
[BlackElo "2047"]
[Annotator "TA"]
[PlyCount "150"]
[EventDate "2018.07.13"]
[EventType "swiss"]
[EventCountry "GEO"]
[SourceTitle "playchess.com"]
[Source "ChessBase"]
[SourceQuality "1"]

{[%evp 13,150,33,66,68,77,75,76,70,54,69,75,39,39,39,52,57,61,54,100,91,99,93,110,108,114,101,104,98,152,141,143,27,54,72,117,117,116,119,119,0,108,116,116,108,118,108,111,118,116,113,143,127,130,122,97,76,377,332,430,282,269,122,153,108,112,97,102,100,118,114,47,60,118,111,267,152,174,145,145,145,141,144,144,55,134,136,137,134,137,0,145,145,144,0,0,0,127,127,129,-35,-37,-47,-80,-481,-415,-401,-400,-397,-390,-352,-296,-12794,-12836,-6382,-6329,-1440,-549,-29950,-5393,-29967,-29964,-29964,-29964,-29964,-8,-29972,-29974,-29970,-29968,-29968,-29953,-29942,-8,-8,-8,-8,-8,-8,-8]} 1. e4 d5 2. exd5 Qxd5 3. Nc3 Qd6 4. d4 Nf6 5. Nge2 {[%cal Bg1e2,Be2g3,Bg3e4,Be4g5][%mdl 32]} c6 6. Bf4 {B01: Scandinavian Defence} Qd8 7. Ng3 Be6 {LiveBook: 5 Games} 8. Be2 {White is slightly better.} (8. Nce4 Nxe4 9. Nxe4 Bf5 10. f3 Qb6 11. c3 Nd7 12. Bc4 Nf6 {1-0 (23) Naiditsch,A (2700)-Marcelin,C (2472) Chartres 2017}) 8... Nbd7 9. O-O g6 $146 ({Predecessor:} 9... Nb6 10. Re1 g6 11. Qd2 Bg7 12. Rad1 O-O 13. Nce4 Nxe4 14. Nxe4 {½-½ (45) Sokolov,A (2558)-Degraeve,J (2563) Nancy 2013}) 10. Nce4 Nxe4 11. Nxe4 Bf5 12. Ng5 {Threatens to win with Bc4.} h6 13. Nf3 g5 14. Bg3 Bg7 15. Re1 Kf8 16. Bd3 Bxd3 17. Qxd3 e6 18. c4 Kg8 19. Rad1 Qb6 20. b4 Rd8 (20... Qa6 $142) 21. c5 $16 Qxb4 22. Bd6 ({Stronger than} 22. Rb1 Qa4 $11) (22. Bc7 $1 $16 {[%cal Rc7d8]} Nxc5 23. Qc2) 22... Qa5 23. Qb3 b6 {[%cal Rb6c5] [#]} 24. Rxe6 $1 {[%mdl 512]} fxe6 25. Qxe6+ Kh7 {Hoping for ...Rhe8.} 26. Qf5+ {[%mdl 1024] White has strong compensation.} Kg8 27. Be7 $1 {[%cal Re7d8]} b5 {With the idea ...Nf8.} 28. Qe6+ Kh7 29. Qe4+ ({Don't play} 29. Qxc6 $6 Rhe8 $11) 29... Kg8 30. Bxd8 Qxd8 31. Qxc6 Bf6 32. d5 Kg7 33. Qxb5 Re8 34. h3 {Black must now prevent d6.} Nf8 $2 {[%mdl 8192]} (34... a6 $16 {is more resistant.} 35. Qb4 Qb8 36. Qxb8 Nxb8) 35. d6 $18 Ne6 36. Rb1 Rf8 37. Qc4 (37. Re1 $18 {is more deadly.} Nf4 38. Qa4) 37... Qd7 $16 38. Qd5 {And now Rb7 would win.} Nd8 39. Nd4 Bxd4 40. Qxd4+ Rf6 41. Rb3 $1 Nc6 42. Qb2 {Strongly threatening Rb7.} Qe6 (42... Kg6 $1 $14) 43. Rb7+ Kg8 $2 (43... Kf8 $16) 44. d7 (44. Rc7 $18 Qe1+ 45. Kh2 Qe5+ 46. Qxe5 Nxe5 47. d7 (47. Rxa7 Rxf2 48. Re7 Nc6 $18) 47... Nxd7 48. Rxd7) 44... Rf7 45. Rb8+ Rf8 46. Rxf8+ Kxf8 47. Qh8+ $1 Kf7 48. Qh7+ (48. d8=Q $16 {[%cal Rh8h7]} Qe1+ 49. Kh2 Nxd8 50. Qxd8) 48... Kf8 (48... Kf6 $1 $14) 49. g3 $1 Qf6 50. Qe4 Kg7 {[#]} 51. a4 ({White should try} 51. Qxc6 $1 $16 {[%mdl 512]} Qxc6 52. d8=Q Qxc5 53. Qd7+ Kg6 54. Qe6+ Kg7 55. Qe4) 51... Qa1+ (51... Nd8 $1 $11 {remains equal.}) 52. Kh2 $1 Qf6 {[#]} 53. Kg2 (53. Qxc6 $1 $16 {[%mdl 512]} Qxc6 54. d8=Q Qxc5 55. Qd7+ Kf6 56. Kg2) 53... Nd8 $11 54. Kg1 Nc6 (54... Qa1+ $11 55. Kg2 Qf6) 55. h4 gxh4 {[#]} 56. gxh4 $2 ({White must play} 56. Qxc6 $1 $16 {[%mdl 512]} Qxc6 57. d8=Q) 56... Qg6+ $15 57. Qg2 $1 Kf6 58. Qxg6+ $4 {[%mdl 8192]} (58. f4 $17 {is a better chance.}) 58... Kxg6 $17 {[%mdl 4096] Endgame KN-KP} 59. Kg2 Kf5 $1 {[%cal Rf5g4]} 60. Kf3 Ne5+ $1 61. Ke3 Nxd7 62. c6 $2 (62. Kd4 Ke6 63. c6) 62... Nb6 $19 63. a5 Nd5+ 64. Kd4 Ke6 65. Kc5 Nf4 66. Kb5 Kd6 67. Ka6 Kxc6 68. Kxa7 {KN-K3P} Ng6 $2 (68... Kc7 $1 69. Ka6 h5 70. Kb5 Ng6 71. Kc4 Nxh4 72. Kd3 Nf5 73. Ke2 Kb7 74. Kd3 Ka6 75. Ke2 Kxa5 76. Kf3 Kb5 77. Kg2 Kc4 78. Kf3 Kd5 79. Kf4 h4 80. Kg4 Ke4 81. f4 Ke3 82. Kh3 Kxf4 83. Kh2 Ne3 84. Kh3 Kg5 85. Kh2 Kg4 86. Kg1 Kg3 87. Kh1 h3 88. Kg1 Nd1 89. Kf1 h2 90. Ke1 h1=Q+ 91. Kd2 Qd5+ 92. Kc1 Kf2 93. Kc2 Ke3 94. Kb1 Qd2 95. Ka1 Qb2#) 69. h5 $2 {[%mdl 8192]} (69. Kb8 $11) 69... Nf4 70. Kb8 Kb5 71. Kc7 Nxh5 72. Kd6 {[#]} Nf6 $2 (72... Ng7 $1 {mates} 73. Ke5 h5 74. Kf4 h4 75. Kg4 {[#]} Nf5 $1 {[%mdl 512]} 76. a6 Kxa6 77. Kh3 Kb6 78. Kh2 Kc5 79. Kg1 Kd4 80. Kh1 Ke4 81. Kg2 Kf4 82. Kh2 Nd4 83. Kg2 Kg4 84. Kh2 h3 85. Kg1 Ne2+ 86. Kh2 Nf4 87. Kg1 Nd3 88. f4 Kxf4 89. Kf1 Kf3 90. Kg1 Kg3 91. Kf1 h2 92. Ke2 Nf4+ 93. Ke3 h1=Q 94. Kd4 Qc6 95. Ke5 Qb6 96. Ke4 Qd6 97. Kf5 Qe6+ 98. Kg5 Qg6#) 73. Ke5 $1 $11 {[%cal Re5f6] The position is equal.} h5 74. Kf4 $1 h4 75. Kf3 Kxa5 {Precision: White = 50%, Black = 48%.} 1/2-1/2

[Event "13th Poti Nana Aleksandria Cup"]
[Site "Poti"]
[Date "2018.07.20"]
[Round "9"]
[White "Yeritsyan, Hayk"]
[Black "Shanya Mishra"]
[Result "0-1"]
[WhiteElo "2178"]
[BlackElo "1980"]
[Annotator "NA RC"]
[PlyCount "65"]
[EventDate "2018.07.13"]
[EventType "swiss"]
[EventCountry "GEO"]
[SourceTitle "playchess.com"]
[Source "ChessBase"]
[SourceQuality "1"]
[TimeControl "40/5400+30:1800+30"]

{[%evp 19,64,33,32767,62,52,45,43,33,59,0,-1,-3,0,-8,1,0,0,0,0,-3,0,-31,32767,32767,32767,32767,32767,32767,32767,32767,32767,32767,-293,-393,-418,-703,-502,-477,32767,32767,32767,32767,-241,-229,-225,-1400,-1162]} 1. e4 {[%emt 0:00:38]} c5 {[%emt 0:00:00]} 2. Nf3 {[%emt 0:00:08]} e6 {[%emt 0:00:22]} 3. Nc3 {[%emt 0:00:05]} Nc6 {[%emt 0:00:26]} 4. Bb5 {[%emt 0:00:26]} Nd4 {[%emt 0:00:42]} 5. O-O {[%emt 0:00:21]} a6 {[%emt 0:00:29]} 6. Bd3 {[%emt 0:00:38]} Qc7 {[%emt 0:01:05] B30: Sicilian: 2...Nc6 3 Bb5, lines without ...g6} (6... Nc6 7. b3 Nge7 8. Bb2 Ng6 9. Re1 Be7 10. Nd5 exd5 11. exd5 O-O 12. dxc6 dxc6 13. Bxg6 hxg6 14. a4 {½-½ (81) Grischuk,A (2772)-Harikrishna,P (2744) Huaian 2017}) 7. Nxd4 {[%emt 0:01:55]} cxd4 {[%emt 0:01:51]} 8. Ne2 {[%emt 0:00:04]} Bc5 {[%emt 0:02:53]} 9. b4 {[%emt 0:02:09]} Ba7 $146 {[%emt 0:02:38]} ({Predecessor:} 9... Bxb4 10. Nxd4 Nf6 11. Bb2 Bd6 12. Nf3 Ng4 13. h3 Ne5 14. Nxe5 Bxe5 15. Bxe5 Qxe5 {1-0 (36) Schebler,G (2453)-Goormachtigh,J (2242) Gent 2008}) 10. Bb2 {[%emt 0:01:22]} e5 {[%emt 0:00:06]} 11. c3 {[%emt 0:10:55]} dxc3 {[%emt 0:01:24]} 12. Nxc3 {[%emt 0:00:18]} Nf6 {[%emt 0:00:13]} 13. Rc1 {[%emt 0:01:54]} Qd8 {[%emt 0:00:52]} 14. Qb3 {[%emt 0:06:36]} O-O {[%emt 0:02:42]} 15. Nd5 {[%emt 0:05:23]} Nxd5 {[%emt 0:01:02]} 16. Qxd5 {[%emt 0:00:04]} d6 {[%emt 0:00:05]} 17. Bc4 {[%emt 0:00:36]} Qe7 {[%emt 0:00:16]} 18. Qd3 {[%emt 0:00:34]} Be6 {[%emt 0:00:58]} 19. Bd5 {[%emt 0:01:52]} Rac8 {[%emt 0:01:06]} 20. g3 {[%emt 0:01:34]} Bh3 {[%emt 0:02:28]} 21. Rfe1 {[%emt 0:00:14]} Kh8 {[%emt 0:00:51]} 22. Qf3 {[%emt 0:07:24]} Rxc1 {[%emt 0:02:37]} 23. Rxc1 {[%emt 0:00:09]} f5 {[%emt 0:01:02]} 24. exf5 {[%emt 0:04:00]} Bxf5 {[%emt 0:00:24]} 25. d4 {[%emt 0:07:17]} exd4 {[%emt 0:02:57]} 26. Qf4 {[%emt 0:03:33]} d3 {[%emt 0:01:44]} 27. Qh6 $2 {[%emt 0:10:43] [#]} (27. Bd4 Be6 28. Qe3 Bxd4 29. Qxe6) 27... Bxf2+ $1 {[%emt 0:06:29]} 28. Kg2 {[%emt 0:00:04]} Be4+ {[%emt 0:01:59]} 29. Bxe4 {[%emt 0:00:04]} Qxe4+ {[%emt 0:00:05]} 30. Kh3 {[%emt 0:00:02]} Bd4 {[%emt 0:01:54]} (30... Qe7) 31. Bxd4 {[%emt 0:01:14]} Qxd4 {[%emt 0:00:05]} 32. Qh4 $2 {[%emt 0:00:07]} (32. Qf4 Qxf4 33. gxf4) 32... Qe3 $19 {[%emt 0:07:29]} 33. Qg4 {[%emt 0:00:45]} 0-1

[Event "13th Poti Nana Aleksandria Cup"]
[Site "Poti"]
[Date "2018.07.20"]
[Round "9"]
[White "Matevosyan, Sedrak"]
[Black "Eynullayev, Altay"]
[Result "1/2-1/2"]
[WhiteElo "2161"]
[BlackElo "2134"]
[Annotator "NA RC"]
[PlyCount "102"]
[EventDate "2018.07.13"]
[EventType "swiss"]
[EventCountry "GEO"]
[SourceTitle "playchess.com"]
[Source "ChessBase"]
[SourceQuality "1"]
[TimeControl "40/5400+30:1800+30"]

{[%evp 8,91,7,9,37,32767,32767,32767,32767,32767,32767,-19,32767,6,4,-37,-32,-27,-41,32767,32767,32767,32767,32767,-54,-56,-60,-52,-56,-51,32767,32767,32767,32767,32767,-64,32767,32767,-54,-52,-64,32767,32767,-189,32767,32767,-129,32767,-57,-72,32767,32767,32767,32767,32767,32767,-55,-52,-13,-4,0,-39,32767,-1,-6,-155,-164,-181,-135,-141,-206,32767,32767,32767,32767,-100,-34,-45,-38,-47,-49,-94,-36,32767,-28,-8]} 1. c4 {[%emt 0:00:00]} c5 {[%emt 0:00:00]} 2. Nc3 {[%emt 0:00:00]} Nf6 {[%emt 0:00:00]} 3. g3 {[%emt 0:00:00]} d5 {[%emt 0:00:00]} 4. cxd5 {[%emt 0:00:12]} Nxd5 {[%emt 0:00:00]} 5. Bg2 {[%emt 0:00:09]} Nc7 {[%emt 0:00:00]} 6. Nf3 {[%emt 0:02:48]} Nc6 {[%emt 0:00:11]} 7. O-O {[%emt 0:07:32]} e5 {[%emt 0:03:27]} 8. a3 {[%emt 0:03:35]} Rb8 {[%emt 0:00:52] A34: Symmetrical English: 2 Nc3, lines with ...d5} (8... Bd7 9. e3 Be7 10. d4 exd4 11. exd4 cxd4 12. Nxd4 O-O 13. Be3 Bf6 14. Rc1 Nxd4 15. Bxd4 Bc6 16. Bxc6 bxc6 {0-1 (69) Almasi,Z (2682)-Kasimdzhanov,R (2683) Riadh 2017}) 9. Rb1 {[%emt 0:04:34]} f6 {[%emt 0:01:59]} 10. d3 {[%emt 0:09:41]} Be7 {[%emt 0:01:26] LiveBook: 15 Games} 11. Bd2 {[%emt 0:03:41]} Be6 {[%emt 0:03:06]} 12. Rc1 $146 {[%emt 0:07:02]} ({Predecessor:} 12. Qa4 b5 13. Qh4 O-O 14. b4 Nd4 15. bxc5 Bxc5 16. Nxd4 exd4 17. Ne4 Bxa3 18. Bf4 g5 19. Nxf6+ Qxf6 20. Bxg5 Qg6 21. Bf4 Rf7 22. Be5 Rd8 23. Qxd8+ {1-0 (23) Shoker,S (2466)-Daurelle,H (2249) Marrakesh 2010}) 12... O-O {[%emt 0:04:03]} 13. Ne4 {[%emt 0:03:29]} Na6 {[%emt 0:02:26]} 14. Qa4 {[%emt 0:05:59]} Qd7 {[%emt 0:04:09]} 15. Rfd1 {[%emt 0:03:25]} b5 {[%emt 0:17:34]} 16. Qc2 $1 {[%emt 0:00:05]} ({Don't blunder} 16. Qxa6 $2 Rb6 $19) 16... Rfc8 {[%emt 0:00:22]} 17. Qb1 {[%emt 0:19:37]} Bb3 {[%emt 0:05:00]} 18. Re1 {[%emt 0:03:07]} Qe6 {[%emt 0:04:49]} 19. Be3 {[%emt 0:03:45]} Nd4 {[%emt 0:02:31]} 20. Nfd2 {[%emt 0:02:33]} Bd5 {[%emt 0:01:36]} 21. Nc3 {[%emt 0:05:02]} Bxg2 {[%emt 0:00:40]} 22. Kxg2 {[%emt 0:00:01]} b4 {[%emt 0:09:10]} 23. axb4 {[%emt 0:01:03]} cxb4 {[%emt 0:00:07]} 24. Bxd4 {[%emt 0:04:41]} exd4 {[%emt 0:00:11]} 25. Na4 {[%emt 0:01:13]} (25. Nd1 $15) 25... b3 {[%emt 0:06:20]} 26. Rxc8+ {[%emt 0:03:26]} Qxc8 {[%emt 0:03:15]} 27. Rc1 {[%emt 0:02:51]} Qb7+ {[%emt 0:00:19]} ({Günstiger ist} 27... Qd7 $17 28. Rc4 Nb4 29. Nxb3 Qxa4 30. Nxd4 Qd7) 28. Nf3 {[%emt 0:00:30]} Qd7 {[%emt 0:02:14]} 29. Rc4 {[%emt 0:00:20]} Rb4 {[%emt 0:00:21]} 30. Qa1 {[%emt 0:02:41]} Rxc4 {[%emt 0:03:27]} 31. dxc4 {[%emt 0:00:02]} Qc6 {[%emt 0:00:14]} 32. c5 $1 {[%emt 0:01:51]} Nxc5 {[%emt 0:04:27]} 33. Nxc5 {[%emt 0:00:07]} Bxc5 {[%emt 0:00:04]} 34. Qa5 {[%emt 0:00:37]} Bb6 {[%emt 0:03:38]} 35. Qb4 {[%emt 0:01:07]} Qd5 {[%emt 0:00:10]} 36. Kg1 {[%emt 0:00:34]} (36. Qe7 $11 {was the only way to keep the balance.} h6 37. Qe8+ Kh7 38. h4) 36... d3 {[%emt 0:06:13]} 37. e4 {[%emt 0:00:05]} Qc5 {[%emt 0:05:52]} 38. Qxb3+ {[%emt 0:01:00]} Kh8 {[%emt 0:00:40]} 39. Qxd3 {[%emt 0:00:24]} Qxf2+ {[%emt 0:00:01]} 40. Kh1 {[%emt 0:00:00]} Qxb2 {[%emt 0:00:00]} 41. Qc4 {[%emt 0:10:08] [#]} Qb1+ {[%emt 0:03:07]} (41... h5 $1 $17 42. Qc8+ Kh7) 42. Kg2 {[%emt 0:00:22]} Qd1 {[%emt 0:00:12]} 43. e5 {[%emt 0:02:39]} Qd8 {[%emt 0:12:55]} 44. Qf7 {[%emt 0:12:10]} (44. h4 $11 {bleibt in der Remisbreite.}) 44... Bc5 {[%emt 0:03:38]} 45. e6 {[%emt 0:04:22]} Qe7 {[%emt 0:03:11]} (45... g6 $17 46. Qb7 a5) 46. Nd4 $11 {[%emt 0:00:36]} Qxf7 {[%emt 0:01:14]} 47. exf7 {[%emt 0:00:06]} a5 {[%emt 0:00:14]} 48. Nb3 {[%emt 0:03:40]} Bf8 {[%emt 0:01:01]} 49. Nxa5 {[%emt 0:00:05]} g6 {[%emt 0:00:15]} 50. Nc4 {[%emt 0:00:14]} Kg7 {[%emt 0:00:07]} 51. Kf3 {[%emt 0:00:13]} Kxf7 {[%emt 0:00:01]} 1/2-1/2

[Event "13th Poti Nana Aleksandria Cup"]
[Site "Poti"]
[Date "2018.07.20"]
[Round "9"]
[White "Kokaia, Guram"]
[Black "Gordon, Evgeny"]
[Result "1-0"]
[WhiteElo "2159"]
[BlackElo "2016"]
[Annotator "RC"]
[PlyCount "51"]
[EventDate "2018.07.13"]
[EventType "swiss"]
[EventCountry "GEO"]
[SourceTitle "playchess.com"]
[Source "ChessBase"]
[SourceQuality "1"]
[TimeControl "40/5400+30:1800+30"]

1. e4 {[%emt 0:09:33]} d6 {[%emt 0:01:06]} 2. d4 {[%emt 0:00:07]} Nf6 {[%emt 0:00:02]} 3. Nc3 {[%emt 0:00:08]} e5 {[%emt 0:00:03]} 4. Nge2 {[%emt 0:00:08]} Be7 {[%emt 0:00:14]} 5. g3 {[%emt 0:01:03]} c6 {[%emt 0:01:05]} 6. Bg2 {[%emt 0:00:15]} b5 {[%emt 0:01:35]} 7. a3 {[%emt 0:01:43]} O-O {[%emt 0:01:14]} 8. O-O {[%emt 0:00:08]} a5 {[%emt 0:00:13]} 9. d5 {[%emt 0:02:32]} Bb7 {[%emt 0:04:34]} 10. dxc6 {[%emt 0:03:29]} Bxc6 {[%emt 0:00:01]} 11. h3 {[%emt 0:03:54]} Nbd7 {[%emt 0:02:08]} 12. g4 {[%emt 0:05:30]} Nc5 {[%emt 0:04:26]} 13. Ng3 {[%emt 0:02:15]} b4 {[%emt 0:06:49]} 14. axb4 {[%emt 0:01:38]} axb4 {[%emt 0:00:02]} 15. Rxa8 {[%emt 0:00:18]} Bxa8 {[%emt 0:00:44]} 16. Nd5 {[%emt 0:01:35]} Nxd5 {[%emt 0:00:51]} 17. exd5 {[%emt 0:00:03]} g6 {[%emt 0:10:26]} 18. Bh6 {[%emt 0:01:33]} Re8 {[%emt 0:00:04]} 19. Qd2 {[%emt 0:01:11]} b3 {[%emt 0:05:18]} 20. cxb3 {[%emt 0:02:48]} Nxb3 {[%emt 0:00:03]} 21. Qe3 {[%emt 0:00:50]} Na5 {[%emt 0:07:00]} 22. Qc3 {[%emt 0:08:49]} Nb7 {[%emt 0:06:18]} 23. b4 {[%emt 0:04:05]} Qb8 {[%emt 0:00:59]} 24. Rc1 {[%emt 0:02:21]} f6 {[%emt 0:12:51]} 25. Qc7 {[%emt 0:06:14]} Qa7 {[%emt 0:11:09]} 26. Qc5 1-0

[Event "13th Poti Nana Aleksandria Cup"]
[Site "Poti"]
[Date "2018.07.20"]
[Round "9"]
[White "Mesropian, Khachatur"]
[Black "Poormosavi, Seyed Kian"]
[Result "1/2-1/2"]
[WhiteElo "2128"]
[BlackElo "2221"]
[Annotator "TA"]
[PlyCount "85"]
[EventDate "2018.07.13"]
[EventType "swiss"]
[EventCountry "GEO"]
[SourceTitle "playchess.com"]
[Source "ChessBase"]
[SourceQuality "1"]

{[%evp 17,85,-20,22,18,22,20,20,24,25,21,54,45,60,49,56,42,41,-91,-97,-112,-105,-89,-75,-167,-176,-175,-197,-144,-108,-176,-184,-185,-156,-94,0,0,0,0,0,0,0,0,0,0,0,0,75,83,285,281,281,281,555,518,637,615,841,834,1116,1156,29985,29986,29986,29987,29985,29986,29988,29989,29990,29991]} 1. d4 {[%cal Bd2d4,Bd4d5][%mdl 32]} Nf6 2. c4 e6 3. Nc3 Bb4 4. Bg5 h6 5. Bh4 c5 6. d5 Bxc3+ 7. bxc3 d6 8. e3 e5 9. Bd3 O-O 10. e4 {E31: Nimzo-Indian: Leningrad Variation: 4...h6 5 Bh4 c5 6 d5 d6} (10. Ne2 Re8 11. Qb1 Nbd7 12. f4 exf4 13. exf4 g5 14. fxg5 Ng4 15. O-O hxg5 16. Bh7+ Kh8 17. Rxf7 Nf8 {1-0 (27) Sheldon,R (2230)-Sadiku,B (2350) Berlin 1996}) 10... Nbd7 {[%cal Bb8d7,Bd7f8,Bf8g6,Bg6f4][%mdl 32]} 11. f3 Re8 12. Ne2 {The position is equal.} Nf8 13. O-O $146 ({Predecessor:} 13. Qd2 Ng6 14. Bf2 Nh5 15. Be3 Qh4+ 16. g3 Qf6 17. Rf1 Bd7 18. O-O-O {1-0 (57) Edwards,R (2104)-Schroeter,H (1969) Dresden 2005}) 13... g5 14. Be1 Ng6 15. Bc2 Qe7 16. Ba4 Rf8 17. g4 {[#]} (17. Bd2 $14) 17... h5 $1 $17 18. Bd2 Nf4 19. Nxf4 exf4 20. h4 (20. gxh5 $17 {was the only defense.} Bd7 21. Bc2) 20... hxg4 $19 21. hxg5 Nh5 22. fxg4 Qxg5 23. Qf3 (23. Rf2 $17 {was necessary.} Kh8 24. Qe1) 23... Bxg4 24. Bxf4 Qg6 ({Worse is} 24... Qxf4 25. Qxf4 Nxf4 26. Rxf4 $14) 25. Qg2 {Strongly threatening Bxd6!} Bh3 ({Much weaker is} 25... Nxf4 $6 26. Rxf4 Bh3 27. Qxg6+ fxg6 28. Rf2 $11) ({Better is} 25... Kh8 $17 {Hoping for ...Rg8.} 26. Kh1 Rg8) 26. Qxg6+ $11 fxg6 27. Bxd6 Rxf1+ 28. Rxf1 Bxf1 29. Kxf1 {[%mdl 4096] Endgame KRN-KB} Nf6 $1 {[%cal Rf6e4]} 30. e5 Ne4 31. Bc7 {And now e6 would win.} Kf7 {[#]} (31... Rc8 $1 $11 32. d6 Rf8+ 33. Kg2 Kf7) 32. Bd7 $1 $16 Nd2+ $2 (32... Ke7 $16 33. Bg4 Ng3+ 34. Kf2 Nf5) 33. Ke2 $18 Nxc4 34. Kd3 Ke7 $2 (34... Nb2+ {was called for.} 35. Ke4 Rh8) 35. Bg4 b5 {intending ...Kf7.} 36. d6+ Ke8 37. Ke4 a5 38. Be2 Rc8 39. Bxc4 {White mates.} bxc4 40. e6 Ra8 41. a4 Kf8 42. Ke5 Kg7 43. d7 {[%mdl 32768] Precision: White = 69%, Black = 47%. . An unexpected result.} 1/2-1/2

[Event "13th Poti Nana Aleksandria Cup"]
[Site "Poti"]
[Date "2018.07.20"]
[Round "9"]
[White "Matsenko, Vadim"]
[Black "Matsenko, Andrei"]
[Result "0-1"]
[WhiteElo "2106"]
[BlackElo "2299"]
[Annotator "TA"]
[PlyCount "63"]
[EventDate "2018.07.13"]
[EventType "swiss"]
[EventCountry "GEO"]
[SourceTitle "playchess.com"]
[Source "ChessBase"]
[SourceQuality "1"]

{[%evp 12,63,44,37,66,28,36,22,30,35,39,31,34,21,24,-60,-62,-72,-34,-33,-33,-31,-30,-32,-30,-42,-42,-61,-53,-46,-29,-33,-33,-44,-46,-68,-72,-88,-79,-114,-101,-106,-104,-126,-112,-121,-58,-176,-166,-169,-163,-1058,-1064,-29998]} 1. e4 g6 2. d4 c6 3. Nc3 {[%cal Bb1c3,Bc3e4,Be4c5,Bc5d3][%mdl 32]} d5 4. Nf3 Bg4 5. Be2 Bg7 6. Be3 dxe4 7. Nxe4 {LiveBook: 13 Partien} Nf6 {[%cal Bg8f6,Bf6d5,Bd5e3][%mdl 32] B15: Caro-Kann (Flohr-Variante)} (7... Nh6 8. c3 Nf5 9. Bg5 h6 10. Bf4 Nd7 11. O-O O-O 12. Qb3 Qb6 13. Qc2 Bxf3 14. Bxf3 Nh4 15. Be2 Nf5 16. Bf3 Nh4 17. Be2 Nf5 18. Bf3 Nh4 {½-½ (18) Krishna,C (2392)-Nitin,S (2426) Bhubaneswar 2017}) 8. Nc5 $146 ({Vorgänger:} 8. Ned2 O-O 9. h3 Bxf3 10. Nxf3 a5 11. Qd2 Na6 12. O-O Nc7 13. Rad1 Ncd5 14. Bh6 Ne4 15. Qc1 {1-0 (79) Kienast,J (2223)-Peschel,A (2193) Germany 2018}) 8... Qc8 9. O-O O-O {Die Stellung ist ausgeglichen.} 10. h3 Bxf3 11. Bxf3 Nbd7 12. Nd3 Nd5 13. c4 (13. Bxd5 $11 cxd5 14. a4) 13... Nxe3 $15 14. fxe3 c5 15. d5 Ne5 16. Nxe5 Bxe5 17. Qe2 Qd7 18. Bg4 Qd6 19. Rac1 h5 20. Bf3 Bh2+ 21. Kh1 Bg3 22. a3 Qe5 23. Rfd1 Qg5 24. e4 Bf4 25. Rc3 Qg3 {[%csl Gf4][%cal Rg3h2] [#]} 26. Kg1 Be5 27. Rcd3 Qh2+ 28. Kf1 f5 $40 {[%mdl 128] Schwarz hat einigen Angriff.} (28... Rab8 $17 29. a4 b6) 29. exf5 ({Lieber} 29. Ke1 $15) 29... Rxf5 $19 30. Re3 Raf8 31. Re1 $2 (31. Ke1) 31... Bg3 {[%cal Rh2h1] [#]} 32. Qd3 {Precision: Weiß = 27%, Schwarz = 62%.} 0-1

[Event "13th Poti Nana Aleksandria Cup"]
[Site "Poti"]
[Date "2018.07.20"]
[Round "9"]
[White "Tihonov, Gennady"]
[Black "Tsotsonava, Elene"]
[Result "1-0"]
[WhiteElo "1845"]
[BlackElo "1647"]
[Annotator "NA RC"]
[PlyCount "75"]
[EventDate "2018.07.13"]
[EventType "swiss"]
[EventCountry "GEO"]
[SourceTitle "playchess.com"]
[Source "ChessBase"]
[SourceQuality "1"]
[TimeControl "40/5400+30:1800+30"]

1. d4 {[%emt 0:02:47]} Nf6 {[%emt 0:00:00]} 2. Nc3 {[%emt 0:00:16]} d5 {[%emt 0:00:00]} 3. Bg5 {[%emt 0:00:14]} e6 {[%emt 0:00:22]} 4. e4 {[%emt 0:00:07]} dxe4 {[%emt 0:00:50]} 5. Nxe4 {[%emt 0:02:33]} Be7 {[%emt 0:00:07]} 6. Bxf6 {[%emt 0:00:05]} Bxf6 {[%emt 0:00:06]} 7. Nf3 {[%emt 0:00:07]} O-O {[%emt 0:00:22]} 8. c3 {[%emt 0:01:24]} Nd7 {[%emt 0:01:37]} 9. Bd3 {[%emt 0:05:08]} b6 {[%emt 0:00:33]} 10. Qc2 {[%emt 0:00:31]} Bb7 {[%emt 0:00:14] LiveBook: 7 Games C13: French: Classical System: 4 Bg5 Be7, Alekhine-Chatard Attack} 11. Rd1 {[%emt 0:01:52]} e5 $146 {[%emt 0:10:46]} (11... Qe7 $11 {keeps the balance.}) ({Predecessor:} 11... g6 12. O-O Bg7 13. Rfe1 Re8 14. Qa4 a6 15. Neg5 b5 16. Qc2 Nb6 17. Ne4 Bd5 18. b3 {1-0 (36) Wang,R (2509)-Wu,K (2284) Tianjing 2001}) 12. O-O {[%emt 0:02:20]} exd4 {[%emt 0:00:18]} 13. cxd4 {[%emt 0:00:07]} Rc8 {[%emt 0:01:10]} 14. Rfe1 {[%emt 0:01:48]} Re8 {[%emt 0:01:34]} 15. Bb5 {[%emt 0:08:06]} Bxe4 {[%emt 0:02:47]} 16. Rxe4 {[%emt 0:00:11]} Rxe4 {[%emt 0:00:09]} 17. Qxe4 {[%emt 0:00:07]} Nc5 {[%emt 0:00:34]} 18. Qc2 {[%emt 0:07:16]} Ne6 {[%emt 0:00:38]} 19. d5 {[%emt 0:05:30]} Nc5 {[%emt 0:02:37]} 20. b4 {[%emt 0:01:29]} Nb7 {[%emt 0:00:13]} 21. Ba6 {[%emt 0:00:53]} Rb8 {[%emt 0:02:56]} 22. Rc1 {[%emt 0:08:24]} Nd6 {[%emt 0:05:21]} 23. Qxc7 {[%emt 0:01:11]} b5 {[%emt 0:04:17]} 24. Qxd8+ {[%emt 0:07:46]} Rxd8 {[%emt 0:01:06]} 25. Rc5 {[%emt 0:05:01]} Ne4 {[%emt 0:05:20]} 26. Rxb5 $16 {[%emt 0:01:09]} Nc3 {[%emt 0:00:08]} 27. Rb7 {[%emt 0:04:15]} Rxd5 {[%emt 0:01:21]} 28. g3 {[%emt 0:01:08]} Nxa2 {[%emt 0:01:36]} 29. Bc4 {[%emt 0:03:25]} Rd1+ {[%emt 0:00:10]} 30. Kg2 {[%emt 0:00:05]} Nc3 {[%emt 0:00:19]} 31. Rxf7 {[%emt 0:00:50]} Nd5 {[%emt 0:03:11]} 32. Rd7 {[%emt 0:01:27]} Kf8 {[%emt 0:00:52]} 33. Rxd5 {[%emt 0:00:55]} Rb1 {[%emt 0:01:02]} 34. b5 {[%emt 0:00:38]} Ke7 {[%emt 0:00:14]} 35. Bd3 {[%emt 0:00:28]} h6 {[%emt 0:00:58]} 36. Nd4 {[%emt 0:00:48]} Rd1 {[%emt 0:00:39]} 37. Nf5+ {[%emt 0:02:57]} Ke8 {[%emt 0:00:35]} 38. b6 {[%emt 0:00:26]} 1-0